| 000 | 01096nas a2200373 4500 | ||
|---|---|---|---|
| 001 | BR2012006339 | ||
| 003 | BR-BrBNA | ||
| 005 | 20231205121046.0 | ||
| 007 | ta | ||
| 008 | 230509b bl.|||p| |||| 00| 00por d | ||
| 040 |
_aBR-BrBNA _bpor _cBiblioteca Nacional de Agricultura |
||
| 041 | _a(Pt) | ||
| 072 | _aL70; L74 | ||
| 100 | 1 | _aAzevedo, A.P. de | |
| 100 | 1 | _aLucas, R. | |
| 100 | 1 | _aPelegrini, C. | |
| 100 | 1 | _aBeviani, D. | |
| 100 | 1 | _aRolan, R.T. | |
| 100 | 1 | _aCantagallo, K. | |
| 100 | 1 | _aJorge, F.Z. | |
| 100 | 1 | _aSozigan, R.K.B. | |
| 100 | 1 | _aPereira, F.Q. | |
| 245 | 1 | _aAvaliação do perfil de sensibilização ao teste de intradermoreação de cães com dermatite atópica na cidade de São Paulo, Brasil: 16 casos | |
| 650 | _aCÃO | ||
| 650 | _aVETERINÁRIA | ||
| 650 | _aPELE | ||
| 650 | _aALERGIA | ||
| 650 | _aDIAGNÓSTICO | ||
| 650 | _aDERMATITE | ||
| 650 | _aLEVANTAMENTO | ||
| 773 | 0 |
_tMedvep Dermato (Brazil) _xISSN 2237-2768 _g(Jan-Mar 2012), v.2(2) p. 20-23 _wBR2012006339 |
|
| 909 |
_a202311 _bLúcia _c55 _dLúcia Elande |
||
| 942 |
_2AGRIS _n0 _cANA |
||
| 999 |
_c221651 _d221651 |
||